Informática en las organizaciones /
Guardado en:
| Autor Principal: | |
|---|---|
| Otros Autores: | |
| Formato: | Libro |
| Idioma: | Spanish |
| Publicado: |
Buenos Aires :
EDICON Fondo Editorial Consejo,
2010.
|
| Edición: | 1a. ed. |
| Materias: | |
| Etiquetas: |
Agregar Etiqueta
Sin Etiquetas, Sea el primero en etiquetar este registro!
|
| LEADER | 00751nam a22002055a 4500 | ||
|---|---|---|---|
| 001 | EAD.ead003539 | ||
| 008 | 140319s2010####ag#######b####000#0#spa#d | ||
| 005 | 20190220145841.0 | ||
| 245 | 1 | 0 | |a Informática en las organizaciones / |c Javier Collazo, Raúl H. Saroka. |
| 250 | |a 1a. ed. | ||
| 260 | |a Buenos Aires : |b EDICON Fondo Editorial Consejo, |c 2010. | ||
| 300 | |a 272 p. ; |c 24 cm. | ||
| 504 | |a Incluye referencias bibliográficas y glosario. | ||
| 020 | |a 9789876600064 | ||
| 100 | 1 | |a Saroka, Raúl Horacio. | |
| 700 | 1 | |a Collazo, Javier. | |
| 082 | 0 | 4 | |a 658.4038011 |2 21 |
| 650 | 7 | |a Sistema de información administrativa. |2 unbist | |
| 650 | 7 | |a Tecnología de la información. |2 unbist | |
| 859 | |a AR-BaBDC |b BIB. ADMINISTRACION - Libros |h 658.4038011 |i Sa74-1 |p b06590 | ||
